Aliments commençant par B - Statistiques

Statistiques générales
  • Ce quiz a été pris 5 314 fois
    5 288 depuis la dernière actualisation
  • Le résultat moyen est 14 sur 20
Statistiques - réponses
Par images Réponse % Correct
Banane
100%
Beurre
99%
Bacon
95%
Beignet
95%
Baguette
94%
Brocoli
94%
Brownie
92%
Bretzel
89%
Biscotte
82%
{Bleu} d'Auvergne
77%
Betterave
73%
Blette
72%
Basilic
71%
Butternut
60%
Burrito
56%
Brugnon
53%
Boulghour
29%
Bavarois
27%
Bergamote
8%
Bortsch
6%
Aucun quiz correspondant
Distribution des résultats
% des personnes avec chaque résultat
Percentile par nombre de réponses
Votre historique - résultats
Vous n’avez pas pris ce quiz depuis la dernière actualisation